000 00610nam a2200217 i 4500
001 18337
003 ES-MaACL
005 20230906151821.0
007 t|
008 011011s2000 sp ||||0| spa j
020 _a84-204-4223-2
040 _aM-BN
_bspa
_cM-BN
080 _a821.111(73)-32"19"
100 1 _aWolff, Tobias.
_9117266
245 1 3 _aLa noche en cuestión /
_cTobias Wolff ; traducción de Pilar Vázquez.
260 _aMadrid :
_bAlfaguara,
_c[2000]
300 _a297 p. ;
_c22 cm.
700 1 _aVázquez, Pilar.
_9113383
852 _aES-MaACL
_jL-24989
_bR.130328
999 _c18337
_d18337